000 00790nam a2200253Ia 4500
003 OSt
005 20221005112936.0
006 a|||||r|||| 00| 0
007 ta
008 221004b |||||||| |||| 00| 0 pan d
020 _a9788175992412 (hbk)
_c600
024 _a3861
037 _b332, 11/03/2013, Orange Books International
_cTextual
040 _aCRL
_cCRL
_bpan
041 _2pan
_apan
082 _aO153,3x, Q2
100 _aਜਿੰਦਰ
245 0 _aਤਹਿਗ਼ੀਬ
260 _aਦਿੱਲੀ
_bਨਵਯੁਗ ਭਾਰਤ
_c2012
300 _a584ਪੰ
_ccm.
650 _aਪੰਜਾਬੀ ਸਾਹਿਤ
942 _hO153,3x, Q2
_cTEXL
_2cc
999 _c1026511
_d1026511